| 000 | 00802nam a2200205 a 4500 | ||
|---|---|---|---|
| 001 | 000041953 | ||
| 005 | 20201002035841.0 | ||
| 008 | 131007s2003 sp 000 0 spa d | ||
| 020 | _a8400081315 | ||
| 040 |
_aDO-SdBNP _bspa _cBNPHU |
||
| 100 | 1 |
_aLuque Talaván, Miguel _968871 |
|
| 245 | 1 | 0 |
_aUn universo de opiniones : _bla literatura jurídica indiana / _cMiguel Luque Talaván. |
| 260 |
_aMadrid : _bConsejo Superior de Investigaciones Científicas, _c2003. |
||
| 300 |
_a797 p. ; _c25 cm. |
||
| 490 | 1 |
_aBiblioteca de historia de América _v26 |
|
| 504 | _aBibliografía : p. 685-797 | ||
| 504 | _aIncluye referencias bibliográficas y notas al pie de las páginas | ||
| 710 | 2 |
_aConsejo Superior de Investigaciones Científicas, _94786 |
|
| 830 | 0 |
_aBiblioteca de historia de América _v26 _966078 |
|
| 999 |
_c41442 _d41442 |
||